Những chuyện lạ của lịch sử

Guardat en:
Dades bibliogràfiques
Format: Llibre
Idioma:Undetermined
Publicat: Hà Nội Văn hóa Thông tin 1999
Matèries:
Etiquetes: Afegir etiqueta
Sense etiquetes, Sigues el primer a etiquetar aquest registre!
Thư viện lưu trữ: Trung tâm Học liệu Trường Đại học Cần Thơ
LEADER 00513nam a2200181Ia 4500
001 CTU_35743
008 210402s9999 xx 000 0 und d
020 |c 28000 
082 |a 909 
082 |b Nh556 
245 0 |a Những chuyện lạ của lịch sử 
245 0 |c Lê Thành (biên dịch) 
260 |a Hà Nội 
260 |b Văn hóa Thông tin 
260 |c 1999 
650 |a World history 
904 |i Q. Hiếu (sửa) 
980 |a Trung tâm Học liệu Trường Đại học Cần Thơ